Statistiken für Tiere die mit "See" beginnen

Klicken Sie hier um das Quiz zu spielen!

Allgemein

  • Dieses Quiz wurde 1.139 mal gespielt
    (1.037 seit der letzten Aktualisierung)
  • Das Durchschnittsergebnis liegt bei 6 aus 14

Antwortstatistiken

Tier% Korrekt
Seepferdchen
76%
Seelöwe
72%
Seehund
71%
Seekuh
60%
Seeigel
59%
Seestern
52%
Seebär
45%
Seeadler
43%
Seegurke
41%
Seeelefant
39%
Seerobbe
35%
Seebarsch
8%
Seeschwamm
4%
Seepocke
2%

Verteilung der Resultate

Perzentil nach korrekt beantworteten Fragen

Anzahl Personen mit jedem Resultat

Ihre Resultats-Entwicklung

Sie haben dieses Quiz seit der letzten Aktualisierung nicht gespielt